000 01490cam a22004574i 4500
003 PE-LiUPU
005 20250731173019.0
008 150623s r 000 0 d
020 _a083081423X
035 _a(Sirsi) i9780830814237
040 _aPE-LiUPU
_bspa
_cPE-LiUPU
_erda
049 _aPRUA
082 0 4 _a220.6
_bH47
_221
245 0 0 _aHard sayings of the Bible /
_cWalter C. Kaiser, Jr. [et al.], editores.
264 1 _aDowners Grove, Illinois :
_bInterVarsity Press,
_c1996.
300 _a808 páginas ;
_c24 centímetros
336 _atext
_2rdacontent
337 _aunmediated
_2rdamedia
338 _avolume
_2rdacarrier
505 0 _aIntroduction. -Old Testament. -New Testament.
526 _aSEG42
526 _aSEG41
526 _aSEG40
526 _aSEG39
526 _aP94
526 _aP87
526 _aP86
526 _aP85
526 _aP77
526 _aP76
526 _aP35
630 _aBiblia
_xCrítica, interpretación, etc.
630 _aBiblia
_xEvidencias, autoridad, etc.
700 1 _aKaiser, Walter C.,
_eed.
942 _2ddc
_cBOOK
949 _a220.6 H47
_wDEWEY
_c1
_i47388
_lCCODEBUL1
_mBUL
_r0
_sY
_tBOOK
_u2015-6-24
_xTEOLOGIA
_PP35
_0COMPRA
_o.STAFF. Colección General
994 _aC0
_bPEPRU
596 _a1
999 _a220.6 H47
_wDEWEY
_c23943
_i47388
_f2021-11-9
_g5
_lCCODEBUL1
_mBUL
_r0
_sY
_tBOOK
_u2015-6-24
_xTEOLOGIA
_PP35
_0COMPRA
_o.STAFF. Colección General
_d23943
980 _81
_gALBERTO SANCHEZ Responsable de Automatización